Horror Movie Heros and Survivors Quiz Stats

Quiz not verified by Sporcle

Challenge
Share
Tweet
Embed
Score 0/15 Timer 03:00
0 Plays Today
Movie The Character % Correct
Nightmare on Elm StreetNancy
86.2%
HalloweenLaurie
58.6%
ScreamSydney
47.8%
The ExorcistRegan
42.4%
DraculaAbraham van Helsing
18.7%
Texas Chainsaw MassacreSally
18.7%
Evil DeadAshley
16.7%
HellraiserKristy
12.8%
Movie The Character % Correct
Texas Chainsaw Massacre: The BeginningErin
12.3%
Friday the 13thTommy
10.3%
Stephen Kings ITBeverly
8.4%
Phantom of the OperaRaoul
6.4%
The ShiningDick
5.9%
Pet SemetaryJud
4.4%
PsychoMartin
3.9%

You're not logged in!

Compare scores with friends on all Sporcle quizzes.
Sign Up with Email
OR
Log In

You Might Also Like...

Show Comments

Extras

Top Quizzes Today


Score Distribution

Your Account Isn't Verified!

In order to create a playlist on Sporcle, you need to verify the email address you used during registration. Go to your Sporcle Settings to finish the process.